000
00343nam a2200145Ia 4500
008
150201s2007 xx 000 0 und d
082
_a
610.73
_b
F07C
100
_a
CRAVEN , RUTH F.
245
_a
FUNDAMENTAL OF NURSING
250
_a
5TH
260
_b
LIPPNCOTT
_a
PHILALDELPHIA
_c
2007
300
_a
1497
650
_a
NURSING
942
_2
ddc
_c
BK
999
_c
2015
_d
2015